LIBRARY & INFORMATION CENTRE, KCAET, TAVANUR

ONLINE PUBLIC ACCESS CATALOGUE (OPAC)

Strength of materials (Mechanics of solids) / (Record no. 12185)

MARC details
000 -LEADER
fixed length control field 00449cam a2200181ua 4500
003 - CONTROL NUMBER IDENTIFIER
control field OSt
008 - FIXED-LENGTH DATA ELEMENTS--GENERAL INFORMATION
fixed length control field 250512b |||||||| |||| 00| 0 eng d
020 ## - INTERNATIONAL STANDARD BOOK NUMBER
ISBN 81-219-2594-0
041 ## - LANGUAGE CODE
Language code of text/sound track or separate title eng
082 ## - DEWEY DECIMAL CLASSIFICATION NUMBER
Classification number 624.17
Item number RAJ/ST
100 ## - MAIN ENTRY--AUTHOR NAME
Personal name Rajput , R.K.
245 ## - TITLE STATEMENT
Title Strength of materials (Mechanics of solids) /
250 ## - EDITION STATEMENT
Edition statement 6th /
260 ## - PUBLICATION, DISTRIBUTION, ETC. (IMPRINT)
Place of publication New Delhi :
Name of publisher S.Chand and Co ,
Year of publication 2007.
300 ## - PHYSICAL DESCRIPTION
Number of Pages 1424 ; .
500 ## - GENERAL NOTE
General note 20885-Scheme
942 ## - ADDED ENTRY ELEMENTS (KOHA)
Koha item type Books
Holdings
Withdrawn status Lost status Damaged status Home library Current library Shelving location Date acquired Full call number Accession Number Koha item type
Withdrawn     KAUAET     07/04/2012 624.17 20999 Books
      KAUAET KAUAET Scheme 07/04/2012 624.17 RAJ/ST 20885 Book Bank scheme for SC students
      KAUAET KAUAET   07/04/2012 624.17 RAJ/ST 21003 Books
      KAUAET KAUAET   07/04/2012 624.17 RAJ/ST 21002 Books
      KAUAET KAUAET Binding Shelf 07/04/2012 624.17 RAJ/ST 21001 Books
      KAUAET KAUAET   07/04/2012 624.17 RAJ/ST 21000 Books
      KAUAET KAUAET   07/04/2012 624.17 RAJ/ST 21209  
free website counter